Statistics for Top 10 best-selling videogames

Click here to take the quiz!

General Stats

  • This quiz has been taken 131 times
  • The average score is 3 of 10

Answer Stats

HintAnswer% Correct
1Minecraft
83%
7Super Mario Bros.
63%
3Tetris
58%
2Grand Theft Auto V
28%
4Wii Sports
25%
8Red Dead Redemption 2
13%
9Pokemon Red/Green/Blue/Yellow
8%
10Terraria
8%
6Mario Kart 8 Deluxe
4%
5PUBG: Battlegrounds
1%

Score Distribution

Percentile by Number Answered

Percent of People with Each Score

Your Score History

You have not taken this quiz